Kraje, których mieszkańcy piją najwięcej alkoholu - Statystyki

Ogólne statystyki
  • Ten quiz został rozwiązany 4 287 razy
  • Średni wynik to 5 z 9
Statystyki odpowiedzi
Ilość spożywanego alkocholu Kraj % Poprawnych
14,5 Litrów Rosja
99%
13,9 Litrów Ukraina
78%
14,1 Litrów Czechy
69%
17,1 Litrów Białoruś
68%
16,2 Litrów Litwa
64%
12,9 Litrów Rumunia
45%
12,6 Litrów Serbia/Australia
45%
17,3 Litrów Mołdawia
38%
13,8 Litrów Andora
7%
Nie znaleziono quizów pasujących do podanych kryteriów
Rozkład punktacji
Procent ludzi z każdym wynikiem
Percentyl według liczby udzielonych odpowiedzi
Twoja historia wyników
Nie rozwiązałeś tego quizu